Applications and design with analog integrated circuits (Record no. 84267)

MARC details
000 -LEADER
fixed length control field 00946nam a2200205 a 4500
008 - FIXED-LENGTH DATA ELEMENTS--GENERAL INFORMATION
fixed length control field 120416s2000 ||||||||||||||||| || u
020 ## - INTERNATIONAL STANDARD BOOK NUMBER
International Standard Book Number 8120310152
050 ## - LIBRARY OF CONGRESS CALL NUMBER
Classification number TK 7874 Jac
100 ## - MAIN ENTRY--PERSONAL NAME
Personal name Jacob, Michael J
245 10 - TITLE STATEMENT
Title Applications and design with analog integrated circuits
250 ## - EDITION STATEMENT
Edition statement 2nd ed.
260 ## - PUBLICATION, DISTRIBUTION, ETC.
Place of publication, distribution, etc. New Delhi
Name of publisher, distributor, etc. FT Prentice-Hall
Date of publication, distribution, etc. 2000
350 ## -
-- 0.00
650 ## - SUBJECT ADDED ENTRY--TOPICAL TERM
Topical term or geographic name entry element ANALOG
650 ## - SUBJECT ADDED ENTRY--TOPICAL TERM
Topical term or geographic name entry element CIRCUITS
650 ## - SUBJECT ADDED ENTRY--TOPICAL TERM
Topical term or geographic name entry element INTEGRATED CIRCUITS
995 ## -
-- ANNEX COLLECTION (Main Library)
-- 0.00
-- 733053
-- CBU-MAIN LIBRARY (Kitwe)
-- 1
-- 22.50
-- TK 7874 Jac
-- 1
-- AVAILABLE
-- Jun 28, 2006
-- 44392
-- Annex Low-Usage Collection
995 ## -
-- MAIN LIBRARY OPEN ACCESS
-- 0.00
-- 733055
-- CBU-MAIN LIBRARY (Kitwe)
-- 3
-- 22.50
-- TK 7874 Jac
-- 3
-- AVAILABLE
-- 44393
-- Main Library Open Access Collection
995 ## -
-- MAIN LIBRARY OPEN ACCESS
-- 0.00
-- 733054
-- CBU-MAIN LIBRARY (Kitwe)
-- 2
-- 22.50
-- TK 7874 Jac
-- 2
-- AVAILABLE
-- 44394
-- Main Library Open Access Collection
999 ## -
-- 84267
-- 84267
Holdings
Withdrawn status Lost status Source of classification or shelving scheme Damaged status Not for loan Permanent Location Current Location Shelving location Date acquired Total Checkouts Full call number Barcode Date last seen Copy number Price effective from Koha item type
          CBU-MAIN LIBRARY, KITWE. CBU-MAIN LIBRARY, KITWE.   01/25/2024   TK 7874 Jac 44392 01/25/2024 1 01/25/2024 MONOGRAPH
          CBU-MAIN LIBRARY, KITWE. CBU-MAIN LIBRARY, KITWE.   01/25/2024   TK 7874 Jac 44393 01/25/2024 2 01/25/2024 MONOGRAPH
          CBU-MAIN LIBRARY, KITWE. CBU-MAIN LIBRARY, KITWE.   01/25/2024   TK 7874 Jac 44394 01/25/2024 3 01/25/2024 MONOGRAPH